Modern algebra. Volume I /

Guardado en:
Autor Principal: Waerden, B. L. van der 1903-1996.
Otros Autores: Artin, Emil, 1898-1962., Noether, Emmy, 1882-1935., Blum, Fred. (Traductor)
Formato: Libro
Idioma:English
German
Publicado: New York : Frederick Ungar, c1953, c1949.
Etiquetas: Agregar Etiqueta
Sin Etiquetas, Sea el primero en etiquetar este registro!
LEADER 00989nam a22002175a 4500
001 MAT.inmabb001085
008 031120s1953####nyu###########000#0#eng#d
005 20180502181443.0
245 1 0 |a Modern algebra.  |n Volume I /  |c by B. L. van der Waerden ; in part a development from lectures by E. Artin and E. Noether ; translated from the 2d. rev. German ed. by Fred Blum, with revisions and additions by the author. 
260 |a New York :  |b Frederick Ungar,  |c c1953, c1949. 
300 |a xii, 264 p. ;  |c 24 cm.  |c 25 cm. 
500 |a Traducción de: Moderne Algebra, c1931, 1937, 1940 by Julius Springer, Berlin. 
510 4 |a MR,  |c 10,587b 
100 1 |a Waerden, B. L. van der  |q (Bartel Leendert),  |d 1903-1996. 
700 1 |a Artin, Emil,  |d 1898-1962. 
700 1 |a Noether, Emmy,  |d 1882-1935. 
700 1 |a Blum, Fred.  |4 trl 
084 |a 00A05  |2 msc2000 
041 1 |a eng  |h ger 
859 |h 00A05A  |i W127m-2  |p A-1039  |v 1  |3 Vol. I  |b BIB. MATEMATICA 
859 |h 00A05A  |i W127m-2  |p A-2054  |t Ej. 2  |v 1  |3 Vol. I  |b BIB. MATEMATICA